[Event "Innsbruck op 3rd"]
[Site "Innsbruck"]
[Date "2019.08.28"]
[Round "6"]
[White "Bai, Adelard"]
[Black "Wittmann, Matthias"]
[Result "1-0"]
[WhiteElo "2033"]
[BlackElo "2120"]
[PlyCount "81"]
[EventDate "2019.08.25"]
[EventType "swiss"]
[EventRounds "9"]
[EventCountry "AUT"]
[SourceTitle "EXT 2020"]
[Source "ChessBase"]
[SourceDate "2019.10.17"]
[SourceVersion "1"]
[SourceVersionDate "2019.10.17"]
[SourceQuality "1"]

1. d4 Nf6 2. c4 c5 3. d5 b5 4. cxb5 a6 5. bxa6 g6 6. Nc3 Bg7 7. g3 0-0 8. Bg2 d6 9. Nf3 Nxa6 10. 0-0 Bb7 11. e4 Nc7 12. Re1 e6 13. dxe6 Nxe6 14. e5 dxe5 15. Qxd8 Rfxd8 16. Nxe5 Bxg2 17. Kxg2 Nd4 18. Rd1 Re8 19. Nf3 Ng4 20. Nxd4 Bxd4 21. Nb5 Rad8 22. Nxd4 Rxd4 23. Rxd4 cxd4 24. Bf4 h5 25. h3 Nf6 26. Rd1 Re2 27. Rxd4 Rxb2 28. Be5 Rb6 29. Rd8+ Kh7 30. Ra8 g5 31. a4 Nd7 32. a5 Rb4 33. Bc3 Rc4 34. Bd2 g4 35. Be3 Ne5 36. hxg4 hxg4 37. a6 Ra4 38. a7 Nf3 39. Kf1 Ra1+ 40. Ke2 Ra2+ 41. Kd1 1-0

[Event "Oberliga Bayern 1819"]
[Site "Bayern"]
[Date "2019.04.07"]
[Round "9.6"]
[White "Kleibel, Uwe"]
[Black "Wittmann, Matthias"]
[Result "1-0"]
[WhiteElo "2159"]
[BlackElo "2073"]
[PlyCount "87"]
[EventDate "2018.10.21"]
[EventType "team-tourn"]
[EventRounds "9"]
[EventCountry "GER"]
[SourceTitle "EXT 2020"]
[Source "ChessBase"]
[SourceDate "2019.10.17"]
[SourceVersion "1"]
[SourceVersionDate "2019.10.17"]
[SourceQuality "1"]
[WhiteTeam "Regensburg Bavaria"]
[BlackTeam "Pang/Rosenheim"]
[WhiteTeamCountry "GER"]
[BlackTeamCountry "GER"]

1. e4 Nf6 2. e5 Nd5 3. d4 d6 4. Nf3 dxe5 5. Nxe5 g6 6. g3 c6 7. Bg2 Bg7 8. 0-0 0-0 9. Re1 Be6 10. c3 Nd7 11. Nd2 Nxe5 12. dxe5 Qc7 13. Qe2 Rad8 14. Nf3 Nb6 15. b3 h6 16. Nd4 Bd5 17. Bh3 e6 18. Bb2 c5 19. Nb5 Qb8 20. c4 Bc6 21. Nd6 Nc8 22. Ne4 Bxe4 23. Qxe4 Ne7 24. Bg2 Rd7 25. h4 Rfd8 26. h5 g5 27. Qe3 Qc7 28. Be4 Kf8 29. f4 gxf4 30. gxf4 Nf5 31. Qf3 Qa5 32. Bc3 Qa6 33. Red1 Ke7 34. Bxf5 exf5 35. Rd5 Bh8 36. Qg2 Qe6 37. Rad1 Kf8 38. Qd2 Rxd5 39. cxd5 Qd7 40. e6 fxe6 41. Bxh8 Qh7 42. Qc3 Qg8+ 43. Kf2 Qg4 44. Qf6+ 1-0

[Event "Regionalliga SO 1011"]
[Site "Bayern"]
[Date "2011.01.16"]
[Round "5.2"]
[White "Kretschel, Klaus"]
[Black "Wittmann, Matthias"]
[Result "0-1"]
[WhiteElo "2038"]
[BlackElo "2138"]
[PlyCount "80"]
[EventDate "2010.10.10"]
[EventType "team-tourn"]
[EventRounds "9"]
[EventCountry "GER"]
[SourceTitle "EXT 2012"]
[Source "ChessBase"]
[SourceDate "2011.11.24"]
[SourceVersion "1"]
[SourceVersionDate "2011.11.24"]
[SourceQuality "1"]
[WhiteTeam "Unterpfaff Germering"]
[BlackTeam "Pang/Rosenheim II"]
[WhiteTeamCountry "GER"]
[BlackTeamCountry "GER"]

1. f4 d6 2. Nf3 g6 3. e4 Bg7 4. d3 c5 5. g3 Nc6 6. Bg2 e6 7. 0-0 Nge7 8. c3 0-0 9. Be3 b6 10. Qc2 Ba6 11. Rd1 Rc8 12. a4 d5 13. Na3 Nd4 14. Nxd4 cxd4 15. Bd2 dxe4 16. dxe4 Be2 17. Re1 d3 18. Qb3 Nc6 19. Nc4 Qc7 20. Ne3 Na5 21. Qa2 Rfd8 22. Rac1 g5 23. fxg5 Nc6 24. Nc4 Ne5 25. Nxe5 Qc5+ 26. Kh1 Bxe5 27. b4 Qf2 28. Qb2 Rc4 29. Rf1 Bxf1 30. Rxf1 Qe2 31. Qc1 Qh5 32. Qe1 Qe2 33. Qc1 Bxc3 34. Bxc3 d2 35. Qd1 Qxd1 36. Rxd1 Rxc3 37. Kg1 Rc1 38. Bf3 Rd4 39. Kf2 Rxd1 40. Bxd1 Rxe4 0-1

[Event "Regionalliga SO 0910"]
[Site "Bayern"]
[Date "2010.03.21"]
[Round "8.2"]
[White "Neubauer, Andreas"]
[Black "Wittmann, Matthias"]
[Result "1-0"]
[WhiteElo "2069"]
[BlackElo "2138"]
[PlyCount "111"]
[EventDate "2009.10.18"]
[EventType "team-tourn"]
[EventRounds "9"]
[EventCountry "GER"]
[SourceTitle "EXT 2011"]
[Source "ChessBase"]
[SourceDate "2010.11.26"]
[SourceVersion "1"]
[SourceVersionDate "2010.11.26"]
[SourceQuality "1"]
[WhiteTeam "Landshut"]
[BlackTeam "Pang/Rosenheim II"]
[WhiteTeamCountry "GER"]
[BlackTeamCountry "GER"]

1. d4 Nf6 2. Nf3 e6 3. g3 b6 4. Bg2 Bb7 5. 0-0 Be7 6. Re1 0-0 7. Nbd2 d5 8. c3 Nbd7 9. e4 dxe4 10. Ng5 c5 11. Ndxe4 Qc8 12. Bd2 Rd8 13. Qe2 h6 14. Nxf6+ Nxf6 15. Bxb7 Qxb7 16. Nf3 Rd5 17. Be3 Rad8 18. c4 Rf5 19. Nh4 Rh5 20. Rad1 cxd4 21. Bxd4 Ra5 22. a3 Nh7 23. Qf3 Qc8 24. b4 Ra6 25. Nf5 exf5 26. Rxe7 Ng5 27. Qc3 Qa8 28. Rd3 Nh3+ 29. Kf1 Qh1+ 30. Ke2 Qxh2 31. Be3 Ng1+ 32. Kf1 Rf8 33. Qe5 b5 34. cxb5 Nf3 35. Qc7 Qh1+ 36. Ke2 Ng1+ 37. Kd2 Nf3+ 38. Kc2 Ne1+ 39. Kb3 Rxa3+ 40. Kxa3 Nxd3 41. Qc3 Qb1 42. Rc7 Kh7 43. Bd4 a5 44. bxa6 Ra8 45. a7 Ne1 46. Rxf7 Kg6 47. Rxg7+ Kh5 48. g4+ fxg4 49. Qc5+ Kh4 50. Bf6+ Kh3 51. Qh5+ Kg2 52. Qxg4+ Kf1 53. Qh3+ Ke2 54. Re7+ Kd1 55. Rxe1+ Kc2 56. Qc3# 1-0

[Event "Regionalliga SO 0708"]
[Site "Bayern"]
[Date "2007.11.25"]
[Round "3.6"]
[White "Wittmann, Matthias"]
[Black "Lang, Stefan1111"]
[Result "1-0"]
[WhiteElo "2119"]
[BlackElo "2107"]
[PlyCount "133"]
[EventDate "2007.10.21"]
[EventType "team-tourn"]
[EventRounds "9"]
[EventCountry "GER"]
[SourceTitle "EXT 2009"]
[Source "ChessBase"]
[SourceDate "2008.11.26"]
[SourceVersion "1"]
[SourceVersionDate "2008.11.26"]
[SourceQuality "1"]
[WhiteTeam "Pang/Rosenheim II"]
[BlackTeam "Germering"]
[WhiteTeamCountry "GER"]
[BlackTeamCountry "GER"]

1. Nc3 c5 2. d4 cxd4 3. Qxd4 Nc6 4. Qh4 d5 5. Nf3 d4 6. Ne4 Nb4 7. Kd1 Bf5 8. Bd2 e6 9. Qxd8+ Rxd8 10. Bxb4 Bxb4 11. Ng3 Bg6 12. h4 h6 13. h5 Bh7 14. Rh4 Bc5 15. a3 Nf6 16. Ne5 d3 17. exd3 Bxf2 18. Rh3 Bxg3 19. Rxg3 Nxh5 20. Rg4 f6 21. Nc4 g5 22. Na5 Rd7 23. Rb4 b6 24. Nc6 Rc7 25. Nd4 Kf7 26. Nb5 Rd7 27. Ra4 a5 28. b4 axb4 29. axb4 Nf4 30. Ra7 Rhd8 31. Rxd7+ Rxd7 32. Ra6 Nd5 33. Kd2 e5 34. g3 e4 35. d4 e3+ 36. Kd1 Nxb4 37. Rxb6 Nxc2 38. Bc4+ Kg7 39. d5 Nb4 40. Nd6 Nd3 41. Ne8+ Kh8 42. Nxf6 Rd8 43. Nxh7 Nf2+ 44. Ke2 Kxh7 45. Kxe3 Ng4+ 46. Kd4 Kg7 47. Re6 Nf6 48. d6 Nd7 49. Bb5 Nf8 50. Re7+ Kf6 51. Kd5 h5 52. Be8 h4 53. Rf7+ Kg6 54. Rxf8+ Kg7 55. Rf7+ Kg8 56. Re7 hxg3 57. d7 g2 58. Re1 Kg7 59. Rg1 Kf6 60. Rxg2 Kf5 61. Kd6 Kf4 62. Ke7 Ra8 63. d8Q Rxd8 64. Kxd8 g4 65. Bd7 g3 66. Bc6 Kg4 67. Kc7 1-0

[Event "Regionalliga SO 0607"]
[Site "Bayern"]
[Date "2007.02.04"]
[Round "5.2"]
[White "Huch, Reiner"]
[Black "Wittmann, Matthias"]
[Result "1/2-1/2"]
[WhiteElo "2305"]
[BlackElo "2143"]
[PlyCount "20"]
[EventDate "2006.10.15"]
[EventType "team-tourn"]
[EventRounds "9"]
[EventCountry "GER"]
[SourceTitle "EXT 2008"]
[Source "ChessBase"]
[SourceDate "2007.11.25"]
[SourceVersion "1"]
[SourceVersionDate "2007.11.25"]
[SourceQuality "1"]
[WhiteTeam "Trostberg"]
[BlackTeam "Pang/Rosenheim II"]
[WhiteTeamCountry "GER"]
[BlackTeamCountry "GER"]

1. Nf3 d5 2. d4 Nc6 3. Bf4 Nf6 4. h3 e6 5. e3 Bd6 6. Bb5 0-0 7. 0-0 Ne7 8. Ne5 Ng6 9. Nxg6 hxg6 10. Bg5 e5 1/2-1/2

[Event "Regionalliga SO 0506"]
[Site "Bayern"]
[Date "2006.02.19"]
[Round "7.2"]
[White "Wittmann, Matthias"]
[Black "Prediger, Rupert"]
[Result "1-0"]
[WhiteElo "2156"]
[BlackElo "2202"]
[PlyCount "103"]
[EventDate "2005.10.23"]
[EventType "team-tourn"]
[EventRounds "9"]
[EventCountry "GER"]
[SourceTitle "EXT 2007"]
[Source "ChessBase"]
[SourceDate "2006.11.23"]
[SourceVersion "1"]
[SourceVersionDate "2006.11.23"]
[SourceQuality "1"]
[WhiteTeam "Pang/Rosenheim II"]
[BlackTeam "Dorfen PSV"]
[WhiteTeamCountry "GER"]
[BlackTeamCountry "GER"]

1. Nc3 Nf6 2. e4 d5 3. e5 Nfd7 4. Nxd5 Nxe5 5. Ne3 Nbc6 6. b3 Ng6 7. h4 e5 8. h5 Nf4 9. Bb2 Ne6 10. h6 Ned4 11. hxg7 Bxg7 12. Bd3 Be6 13. Ne2 Qe7 14. Ng3 0-0-0 15. Be4 Qd7 16. Rh5 Ne7 17. Bxd4 exd4 18. Nef5 Nxf5 19. Nxf5 Rhe8 20. Kf1 Bf8 21. Qf3 c6 22. Rxh7 Kb8 23. Rb1 Bb4 24. Rd1 Rh8 25. Rxh8 Rxh8 26. Kg1 Bxf5 27. Qxf5 Qxf5 28. Bxf5 Re8 29. Kf1 Kc7 30. f4 b6 31. Kf2 a5 32. Kf3 Re7 33. Be4 Re8 34. d3 Rh8 35. Kg4 Be7 36. Re1 Bd8 37. Bf3 Kd6 38. Kf5 Rg8 39. Re4 Kc5 40. Re5+ Kd6 41. g4 Rh8 42. Re4 c5 43. Re2 Rh3 44. Bg2 Rg3 45. g5 b5 46. Bb7 Rg1 47. Ba6 Kc6 48. a4 bxa4 49. bxa4 Rf1 50. Bb5+ Kb6 51. Bc4 Bc7 52. Re4 1-0